[Event "2nd Edmonton International"]
[Site "Edmonton"]
[Date "2007.08.05"]
[Round "7"]
[White "Li, Zhichao"]
[Black "Reeve, Jeff"]
[Result "1/2-1/2"]
[WhiteElo "2143"]
[BlackElo "2205"]
[PlyCount "126"]
[EventDate "2007.08.02"]
[EventType "tourn"]
[EventRounds "9"]
[EventCountry "CAN"]
[TimeControl "6600+30"]

1. d4 Nf6 2. c4 g6 3. Nc3 Bg7 4. e4 d6 5. Nf3 O-O 6. Be2 e5 7. O-O Nc6 8. d5
Ne7 9. b4 Nh5 10. Re1 f5 11. Ng5 Nf6 12. Bf3 Kh8 13. Qb3 c6 14. Bb2 cxd5 15.
cxd5 fxe4 16. Ngxe4 Nxe4 17. Nxe4 Nf5 18. Ng3 Qb6 19. Nxf5 gxf5 20. Be2 Bd7 21.
Rec1 Rac8 22. a4 a5 23. Bb5 Bxb5 24. bxa5 Qxa5 25. Qxb5 Qxb5 26. axb5 e4 27.
Bxg7+ Kxg7 28. Kf1 Kf6 29. Rxc8 Rxc8 30. Ra7 Rc7 31. b6 Rf7 32. Ke2 Ke5 33. Ra5
Kd4 34. g3 Kc4 35. f3 Kb4 36. Ra1 exf3+ 37. Kxf3 Kc5 38. Rc1+ Kxb6 39. Ke3 Re7+
40. Kd3 Re5 41. Kd4 Re2 42. Rb1+ Kc7 43. Rc1+ Kb8 44. Rf1 Rxh2 45. Rxf5 Rh6 46.
Rf3 Rg6 47. Ke4 Rg7 48. Rb3 Re7+ 49. Kf4 Re5 50. g4 Rxd5 51. Rh3 Kc7 52. Rxh7+
Kc6 53. g5 Rd1 54. g6 Rg1 55. Kf5 b5 56. Rh4 Kc5 57. Rg4 Rf1+ 58. Ke6 Rf8 59.
g7 Rg8 60. Kf7 Rxg7+ 61. Rxg7 b4 62. Ke6 b3 63. Rc7+ Kd4 1/2-1/2

[Event "2nd Edmonton International"]
[Site "Edmonton"]
[Date "2007.08.06"]
[Round "8"]
[White "Aveskulov, Valeriy"]
[Black "Donaldson, John"]
[Result "0-1"]
[WhiteElo "2539"]
[BlackElo "2413"]
[PlyCount "42"]
[EventDate "2007.08.02"]
[EventType "tourn"]
[EventRounds "9"]
[EventCountry "CAN"]
[TimeControl "6600+30"]

1. e4 c5 2. b3 e5 3. Bb2 d6 4. Bb5+ Nc6 5. f4 exf4 6. Nf3 Bg4 7. O-O Qb6 8. Bc4
O-O-O 9. Bxf7 Nd4 10. Nc3 Qc7 11. Bc4 Nf6 12. a4 Kb8 13. a5 Be7 14. a6 b6 15.
Qc1 Bxf3 16. gxf3 Qd7 17. Nd1 Nxf3+ 18. Rxf3 Qg4+ 19. Kf2 Nxe4+ 20. Ke2 d5 21.
Bb5 Ng5 0-1

[Event "2nd Edmonton International"]
[Site "Edmonton"]
[Date "2007.08.06"]
[Round "8"]
[White "Bachmann, Axel"]
[Black "Khachiyan, Melikset"]
[Result "0-1"]
[WhiteElo "2466"]
[BlackElo "2490"]
[PlyCount "86"]
[EventDate "2007.08.02"]
[EventType "tourn"]
[EventRounds "9"]
[EventCountry "CAN"]
[TimeControl "6600+30"]

1. e4 e5 2. Ne2 Nf6 3. Nbc3 Nc6 4. g3 Bc5 5. Bg2 a6 6. d3 d6 7. O-O O-O 8. h3
Be6 9. Kh2 d5 10. Bg5 d4 11. Bxf6 Qxf6 12. Nb1 Qh6 13. Nd2 Bd6 14. a3 b5 15.
Ng1 Ne7 16. Bf3 c5 17. b3 Bc7 18. Qe2 Ba5 19. Rfd1 Rac8 20. Nf1 c4 21. b4 Bc7
22. Bg4 a5 23. a4 axb4 24. axb5 c3 25. Rdb1 Bd6 26. b6 Rb8 27. b7 Rxb7 28. Ra6
b3 29. Bxe6 Qxe6 30. cxb3 Rxb3 31. Rxb3 Qxb3 32. Rxd6 c2 33. Qd2 Qb8 34. Rd8
Rxd8 35. Qxc2 Rc8 36. Qa4 Qb1 37. Nd2 Qxd3 38. Ngf3 f6 39. Qd7 Kf7 40. Kg2 Rc2
41. Qb7 Rxd2 42. Nxd2 Qxd2 43. Qb3+ Kg6 0-1

[Event "2nd Edmonton International"]
[Site "Edmonton"]
[Date "2007.08.06"]
[Round "8"]
[White "Haessel, Dale"]
[Black "Kraai, Jesse"]
[Result "0-1"]
[WhiteElo "2136"]
[BlackElo "2525"]
[PlyCount "66"]
[EventDate "2007.08.02"]
[EventType "tourn"]
[EventRounds "9"]
[EventCountry "CAN"]
[TimeControl "6600+30"]

1. d4 Nf6 2. c4 e6 3. g3 c5 4. d5 exd5 5. cxd5 c4 6. Nc3 Bb4 7. Bg2 O-O 8. Qd4
d6 9. Bg5 Nbd7 10. Qxc4 Bxc3+ 11. Qxc3 h6 12. Bxf6 Nxf6 13. Nf3 Bf5 14. O-O Be4
15. Nd4 Bxg2 16. Kxg2 Nxd5 17. Qb3 Nb6 18. Rfd1 d5 19. a4 Qe7 20. Rac1 Rac8 21.
e3 g6 22. h3 Rc4 23. Rxc4 dxc4 24. Qc2 Qb4 25. Ra1 a5 26. h4 h5 27. e4 Rd8 28.
Nf3 Rd3 29. e5 Qe7 30. Rd1 Qd7 31. e6 fxe6 32. Ng5 Rxd1 33. Qxg6+ Kf8 0-1

[Event "2nd Edmonton International"]
[Site "Edmonton"]
[Date "2007.08.06"]
[Round "8"]
[White "Huber, Greg"]
[Black "Li, Zhichao"]
[Result "1/2-1/2"]
[WhiteElo "2211"]
[BlackElo "2143"]
[PlyCount "167"]
[EventDate "2007.08.02"]
[EventType "tourn"]
[EventRounds "9"]
[EventCountry "CAN"]
[TimeControl "6600+30"]

1. e4 d5 2. exd5 Qxd5 3. Nc3 Qa5 4. d4 Nf6 5. Nf3 c6 6. Bd2 Bf5 7. Ne4 Qc7 8.
Nxf6+ gxf6 9. g3 Bg7 10. Bg2 Qd7 11. Nh4 Bg4 12. Bf3 Bxf3 13. Qxf3 Qd5 14. Qxd5
cxd5 15. Nf5 Bf8 16. O-O-O Nc6 17. Rhe1 O-O-O 18. Bh6 e6 19. Bxf8 Rhxf8 20. Ne3
f5 21. c3 Rg8 22. Ng2 b5 23. Nf4 Nb8 24. Kc2 Rd6 25. Ra1 Kb7 26. Nd3 Nd7 27. a4
bxa4 28. Rxa4 Ra6 29. Rxa6 Kxa6 30. b3 Rc8 31. Ra1+ Kb7 32. Ra4 Rc6 33. Ne5 Rc7
34. Kd2 Nb6 35. Ra1 Nd7 36. Nd3 Rc6 37. Nb4 Rc8 38. Ra5 Kb6 39. Ra6+ Kb7 40.
Ra1 Nf6 41. f3 Nd7 42. Nd3 Rc6 43. Nb4 Rc8 44. Rf1 h5 45. Rg1 Rg8 46. Nd3 h4
47. Ke3 hxg3 48. hxg3 Rc8 49. Rc1 Rh8 50. Kf4 Rh2 51. Nc5+ Kc6 52. Nxd7 Kxd7
53. Ra1 Rc2 54. Rxa7+ Kd6 55. Ra6+ Kd7 56. c4 dxc4 57. bxc4 Rxc4 58. Ke5 Rc3
59. Ra7+ Ke8 60. Ra8+ Ke7 61. Ra7+ Ke8 62. Kf6 Rxf3 63. Re7+ Kd8 64. Rxf7 Rxg3
65. Kxe6 Rg6+ 66. Ke5 f4 67. d5 f3 68. Rxf3 Rh6 69. Rf7 Rg6 70. Rh7 Ra6 71.
Rh8+ Kd7 72. Rh7+ Kd8 73. Rf7 Rb6 74. Rf6 Rxf6 75. Kxf6 Kd7 76. Ke5 Ke7 77. Kf5
Kd6 78. Ke4 Kd7 79. Ke5 Ke7 80. d6+ Kd7 81. Kd5 Kd8 82. Kc6 Kc8 83. d7+ Kd8 84.
Kd6 1/2-1/2

[Event "2nd Edmonton International"]
[Site "Edmonton"]
[Date "2007.08.06"]
[Round "9"]
[White "Donaldson, John"]
[Black "Bachmann, Axel"]
[Result "1/2-1/2"]
[WhiteElo "2413"]
[BlackElo "2466"]
[PlyCount "31"]
[EventDate "2007.08.02"]
[EventType "tourn"]
[EventRounds "9"]
[EventCountry "CAN"]
[TimeControl "6600+30"]

1. Nf3 g6 2. d4 Bg7 3. c4 Nf6 4. Nc3 d5 5. cxd5 Nxd5 6. g3 O-O 7. Bg2 Nb6 8.
O-O Nc6 9. e3 e5 10. d5 Na5 11. e4 c6 12. Bg5 f6 13. Be3 cxd5 14. Bxb6 Qxb6 15.
Nxd5 Qd6 16. Qa4 1/2-1/2

[Event "2nd Edmonton International"]
[Site "Edmonton"]
[Date "2007.08.06"]
[Round "9"]
[White "Khachiyan, Melikset"]
[Black "Haessel, Dale"]
[Result "1-0"]
[WhiteElo "2490"]
[BlackElo "2136"]
[PlyCount "49"]
[EventDate "2007.08.02"]
[EventType "tourn"]
[EventRounds "9"]
[EventCountry "CAN"]
[TimeControl "6600+30"]

1. e4 e5 2. Nf3 Nf6 3. Nxe5 d6 4. Nf3 Nxe4 5. d4 d5 6. Bd3 Bd6 7. O-O O-O 8. c4
c6 9. Qc2 Na6 10. a3 Re8 11. Nc3 Bf5 12. Re1 Nxc3 13. Bxf5 Rxe1+ 14. Nxe1 Ne4
15. Bxe4 dxe4 16. Qxe4 Qa5 17. Nf3 Qa4 18. Qe2 c5 19. d5 b5 20. Be3 bxc4 21.
Nd2 Qc2 22. Re1 Qxb2 23. Nxc4 Qf6 24. Nxd6 Qxd6 25. Bf4 1-0

[Event "2nd Edmonton International"]
[Site "Edmonton"]
[Date "2007.08.06"]
[Round "9"]
[White "Kraai, Jesse"]
[Black "Yanayt, Eugene"]
[Result "1-0"]
[WhiteElo "2525"]
[BlackElo "2335"]
[PlyCount "109"]
[EventDate "2007.08.02"]
[EventType "tourn"]
[EventRounds "9"]
[EventCountry "CAN"]
[TimeControl "6600+30"]

1. Nf3 Nf6 2. c4 g6 3. Nc3 Bg7 4. e4 d6 5. d4 O-O 6. Be2 e5 7. O-O Nc6 8. dxe5
Nxe5 9. Nxe5 dxe5 10. Be3 c6 11. Qa4 Qe7 12. b4 Nd7 13. b5 c5 14. Nd5 Qd8 15.
Rfd1 b6 16. Qc2 Re8 17. a4 Bb7 18. Bg4 Nf8 19. a5 Bxd5 20. Rxd5 Qc7 21. Rad1
Rad8 22. Bg5 Rxd5 23. Rxd5 f6 24. Be3 Ne6 25. Bxe6+ Rxe6 26. Qd2 Qf7 27. Rd8+
Bf8 28. Qd5 g5 29. h4 h6 30. h5 Re7 31. a6 Qe6 32. Rd6 Qxd5 33. cxd5 Kf7 34.
Rc6 Rd7 35. f3 Ke7 36. Kh2 Kf7 37. Kh3 Bd6 38. Kg4 Rd8 39. Kf5 Rd7 40. Rc8 Bf8
41. g3 Bd6 42. Rc6 Rd8 43. f4 Ke7 44. fxg5 hxg5 45. Kg6 Rg8+ 46. Kh7 Re8 47. h6
Kd7 48. Kg6 Rg8+ 49. Kf7 Rf8+ 50. Kg7 Re8 51. h7 Re7+ 52. Kg6 Re8 53. Kxf6 Be7+
54. Kg7 Bf8+ 55. Kf7 1-0

[Event "2nd Edmonton International"]
[Site "Edmonton"]
[Date "2007.08.06"]
[Round "9"]
[White "Li, Zhichao"]
[Black "Aveskulov, Valeriy"]
[Result "1/2-1/2"]
[WhiteElo "2143"]
[BlackElo "2539"]
[PlyCount "66"]
[EventDate "2007.08.02"]
[EventType "tourn"]
[EventRounds "9"]
[EventCountry "CAN"]
[TimeControl "6600+30"]

1. d4 Nf6 2. c4 e6 3. Nf3 d5 4. g3 Be7 5. Bg2 O-O 6. O-O dxc4 7. Qc2 a6 8. Qxc4
b5 9. Qc2 Bb7 10. Bd2 Ra7 11. Rc1 Be4 12. Qb3 Nbd7 13. Ba5 Qa8 14. Nbd2 Bd5 15.
Qd1 Rc8 16. b4 Ne8 17. Qf1 Nef6 18. a3 Bd6 19. Rc2 Nb8 20. Ne1 Bxg2 21. Qxg2
Qxg2+ 22. Kxg2 c6 23. Nef3 Nfd7 24. Rd1 Rb7 25. e3 Re8 26. Ne4 Bf8 27. Rcd2 f6
28. Nc5 Ra7 29. e4 Kf7 30. e5 Nxc5 31. dxc5 Be7 32. Bd8 Bf8 33. h4 Rb7 1/2-1/2

[Event "2nd Edmonton International"]
[Site "Edmonton"]
[Date "2007.08.06"]
[Round "9"]
[White "Reeve, Jeff"]
[Black "Huber, Greg"]
[Result "1/2-1/2"]
[WhiteElo "2205"]
[BlackElo "2211"]
[PlyCount "89"]
[EventDate "2007.08.02"]
[EventType "tourn"]
[EventRounds "9"]
[EventCountry "CAN"]

1. e4 c5 2. Nf3 e6 3. d4 cxd4 4. Nxd4 a6 5. Be2 d6 6. O-O Nf6 7. Nc3 Nbd7 8. f4
b5 9. Bf3 Bb7 10. a3 Rc8 11. Qe1 Rc4 12. Be3 Qc7 13. Kh1 Rxc3 14. bxc3 Nxe4 15.
a4 bxa4 16. Rxa4 Ndc5 17. Ra1 Be7 18. f5 O-O 19. Bxe4 Bxe4 20. Qg3 Bd5 21. Qg4
Bf6 22. fxe6 fxe6 23. Bg5 Qe7 24. Bxf6 Rxf6 25. Rxf6 Qxf6 26. Kg1 Qe5 27. Qe2
Qxe2 28. Nxe2 Kf7 29. Nd4 Bc4 30. Nb3 Bxb3 31. cxb3 Nxb3 32. Rxa6 d5 33. Kf2
Nd2 34. Ke2 Ne4 35. Rc6 Ke7 36. Rc7+ Kf6 37. Ke3 Nd6 38. Rc6 Nf5+ 39. Kf4 h5
40. Ra6 g5+ 41. Kf3 Nh4+ 42. Kf2 Nf5 43. Kf3 Nh4+ 44. Kf2 Nf5 45. Kf3 1/2-1/2

[Event "ECC Heritage Open"]
[Site "Edmonton"]
[Date "2007.08.02"]
[Round "1"]
[White "Hughey, Micah"]
[Black "Seehagen, Terry"]
[Result "1-0"]
[WhiteElo "2067"]
[BlackElo "1696"]
[PlyCount "109"]
[EventDate "2007.08.02"]
[EventType "swiss"]
[EventRounds "5"]
[EventCountry "CAN"]

1. d4 Nf6 2. Nf3 d6 3. Nbd2 Bf5 4. Nh4 Bd7 5. e4 a6 6. Bd3 e5 7. dxe5 dxe5 8.
Nhf3 Nc6 9. Nc4 Bg4 10. h3 Bh5 11. g4 Nxg4 12. hxg4 Bxg4 13. Ne3 Be6 14. Bd2 f6
15. Qe2 Qd7 16. Bc4 O-O-O 17. Bxe6 Qxe6 18. Qc4 Qxc4 19. Nxc4 Bc5 20. Be3 Bxe3
21. Nxe3 h6 22. Ke2 g5 23. c3 Ne7 24. Rh5 Ng6 25. Ng2 Rde8 26. Rah1 Nf4+ 27.
Nxf4 exf4 28. Nd2 f5 29. Kf3 fxe4+ 30. Nxe4 Rhf8 31. Re1 Re6 32. c4 Kd8 33.
Rd1+ Ke7 34. Nc3 Rf5 35. Nd5+ Kf7 36. Kg4 Kg6 37. Rd2 f3 38. Rxh6+ Kxh6 39.
Kxf5 Re2 40. Rd3 Rxf2 41. b4 Kh5 42. a4 Kh4 43. Nf6 g4 44. Nxg4 Rg2 45. Rxf3
Rxg4 46. Rf4 Rxf4+ 47. Kxf4 c6 48. b5 cxb5 49. cxb5 axb5 50. axb5 b6 51. Ke5
Kg5 52. Kd6 Kf6 53. Kc6 Ke6 54. Kxb6 Kd6 55. Ka7 1-0

[Event "ECC Heritage Open"]
[Site "Edmonton"]
[Date "2007.08.09"]
[Round "2"]
[White "Lopez Linares, Lizandro"]
[Black "Thompson, Peter"]
[Result "1-0"]
[WhiteElo "2086"]
[BlackElo "1675"]
[PlyCount "59"]
[EventDate "2007.08.02"]
[EventType "swiss"]
[EventRounds "5"]
[EventCountry "CAN"]

1. d4 Nf6 2. Nf3 g6 3. c4 Bg7 4. Nc3 d6 5. e4 Nbd7 6. Be2 O-O 7. O-O e5 8. d5
h6 9. Ne1 Nc5 10. Qc2 a5 11. b3 Nh7 12. Be3 b6 13. Nd3 Nxd3 14. Bxd3 f5 15.
exf5 gxf5 16. g3 Qe7 17. Rac1 Qf7 18. a3 h5 19. b4 h4 20. c5 bxc5 21. bxc5 Qg6
22. Nb5 Rf7 23. cxd6 cxd6 24. Qc6 Bb7 25. Qxd6 Ra6 26. Qxg6 Rxg6 27. d6 Bd5 28.
Rc8+ Nf8 29. d7 Rxd7 30. Bxf5 1-0

[Event "ECC Heritage Open"]
[Site "Edmonton"]
[Date "2007.08.09"]
[Round "2"]
[White "Sekuloff, Mike"]
[Black "Pedersen, Rick"]
[Result "0-1"]
[WhiteElo "1641"]
[BlackElo "1982"]
[PlyCount "82"]
[EventDate "2007.08.02"]
[EventType "swiss"]
[EventRounds "5"]
[EventCountry "CAN"]

1. c4 g6 2. d4 Bg7 3. e4 d6 4. f4 Nf6 5. Nc3 O-O 6. e5 Nfd7 7. Nf3 c5 8. e6
fxe6 9. Be2 cxd4 10. Nxd4 Nf6 11. O-O Nc6 12. Nxc6 bxc6 13. Bf3 Qb6+ 14. Kh1 d5
15. cxd5 exd5 16. Re1 e6 17. Be3 Qc7 18. Rc1 Rb8 19. b3 Nd7 20. Nxd5 exd5 21.
Bxd5+ Kh8 22. Rxc6 Qa5 23. Bd4 Nf6 24. Rxf6 Bxf6 25. Re8 Kg7 26. Rxf8 Kxf8 27.
Bxf6 Bg4 28. Bf3 Re8 29. Qd6+ Kf7 30. Bd5+ Be6 31. Bxe6+ Rxe6 32. Qd7+ Kxf6 33.
Qd4+ Kf7 34. h3 Qe1+ 35. Kh2 Qe3 36. Qd7+ Re7 37. Qd5+ Kg7 38. Qc4 Rf7 39. g3
Re7 40. h4 Qe2+ 41. Kh3 Qxc4 0-1

[Event "ECC Heritage Open"]
[Site "Edmonton"]
[Date "2007.08.09"]
[Round "2"]
[White "Stark, Mark"]
[Black "Wihnon, Jason"]
[Result "1-0"]
[WhiteElo "2019"]
[BlackElo "1823"]
[PlyCount "67"]
[EventDate "2007.08.02"]
[EventType "swiss"]
[EventRounds "5"]
[EventCountry "CAN"]

1. c4 Nf6 2. g3 g6 3. Bg2 Bg7 4. Nc3 O-O 5. d3 d6 6. e4 c6 7. Nge2 a6 8. O-O b5
9. h3 b4 10. Na4 Bb7 11. c5 Nbd7 12. d4 Qa5 13. Be3 Rfd8 14. Qc2 Qc7 15. Rac1
dxc5 16. dxc5 e5 17. Rfd1 a5 18. Nb6 Rab8 19. Nc4 Ba6 20. Nd6 Bf8 21. Bf1 Ne8
22. Bg5 Nef6 23. Be3 Ne8 24. f3 Ndf6 25. Bg5 Kg7 26. b3 Nxd6 27. Bxf6+ Kxf6 28.
cxd6 Bxd6 29. Qxc6 Qa7+ 30. Kg2 Rbc8 31. Rxd6+ Rxd6 32. Qxd6+ Kg7 33. Rxc8 Bxc8
34. Qxe5+ 1-0

[Event "ECC Heritage Open"]
[Site "Edmonton"]
[Date "2007.08.16"]
[Round "3"]
[White "Hughey, Micah"]
[Black "Lopez Linares, Lizandro"]
[Result "1/2-1/2"]
[WhiteElo "2067"]
[BlackElo "2086"]
[PlyCount "125"]
[EventDate "2007.08.02"]
[EventType "swiss"]
[EventRounds "5"]
[EventCountry "CAN"]

1. e4 c6 2. c4 d5 3. exd5 cxd5 4. d4 Nf6 5. Nc3 Nc6 6. Nf3 Bg4 7. cxd5 Nxd5 8.
Qb3 Bxf3 9. gxf3 e6 10. Qxb7 Nxd4 11. Bb5+ Nxb5 12. Qc6+ Ke7 13. Qxb5 Qd7 14.
Nxd5+ Qxd5 15. Qxd5 exd5 16. Be3 Ke6 17. O-O-O Rc8+ 18. Kb1 Bc5 19. Rhe1 Kd6
20. Rd3 Rhd8 21. Bf4+ Kc6 22. Rc1 Kb7 23. Rcd1 Kc6 24. Rc1 Kb7 25. Rcd1 Kc6 26.
Rc3 Kb7 27. Rb3+ Bb6 28. Rbd3 Rc4 29. Be5 f6 30. Bd4 Kc6 31. b3 Rxd4 32. Rxd4
Bxd4 33. Rxd4 Re8 34. Kc2 Re5 35. Kd2 a5 36. Rg4 g5 37. Ra4 Kb5 38. f4 Rf5 39.
fxg5 fxg5 40. Ke3 Re5+ 41. Kd2 h5 42. f4 gxf4 43. Rxf4 Rg5 44. Kd3 Kc5 45. a3
Rg2 46. Rh4 Rg5 47. b4+ Kb5 48. bxa5 Kxa5 49. Ke3 Re5+ 50. Kd4 Rg5 51. Kc5 Ka6
52. Kc6 Ka5 53. Rd4 Rg2 54. Rxd5+ Ka4 55. Rxh5 Kxa3 56. h4 Kb4 57. Rd5 Kc4 58.
h5 Ra2 59. Rg5 Kd4 60. Rg4+ Ke5 61. Rh4 Ra6+ 62. Kd7 Rh6 63. Rh1 1/2-1/2

[Event "ECC Heritage Open"]
[Site "Edmonton"]
[Date "2007.08.16"]
[Round "3"]
[White "Loke, Myron"]
[Black "Seehagen, Terry"]
[Result "1-0"]
[WhiteElo "1387"]
[BlackElo "1696"]
[PlyCount "92"]
[EventDate "2007.08.02"]
[EventType "swiss"]
[EventRounds "5"]
[EventCountry "CAN"]

1. e4 d5 2. exd5 Nf6 3. d4 Bg4 4. Be2 h5 5. h3 Bxe2 6. Qxe2 Qxd5 7. Nf3 Nc6 8.
c4 Qe4 9. Qxe4 Nxe4 10. O-O O-O-O 11. Rd1 e5 12. d5 f5 13. Nbd2 Nxd2 14. Bxd2
e4 15. Ng5 Ne5 16. Bc3 Be7 17. Ne6 Nxc4 18. Nxd8 Rxd8 19. Bxg7 Nb6 20. Rac1
Nxd5 21. Be5 c6 22. a3 Rd7 23. Kf1 Bg5 24. Rb1 e3 25. f4 Re7 26. fxg5 Rxe5 27.
Ke2 f4 28. h4 Kd7 29. Rg1 Rf5 30. Rbf1 Ke6 31. g3 Ke5 32. gxf4+ Nxf4+ 33. Kxe3
Ng2+ 34. Ke2 Nxh4 35. Rh1 Ng6 36. Rxf5+ Kxf5 37. Rg1 Kf4 38. Kf2 Kf5 39. Ke3
Ne5 40. Kd4 Ng4 41. Kc5 Kxg5 42. Kd6 h4 43. Kc7 b5 44. Kb7 Kf4 45. Kxa7 h3 46.
Rh1 h2 1-0

[Event "ECC Heritage Open"]
[Site "Edmonton"]
[Date "2007.08.16"]
[Round "3"]
[White "Motuz, Vitaly"]
[Black "Sekuloff, Mike"]
[Result "1/2-1/2"]
[WhiteElo "1872"]
[BlackElo "1641"]
[PlyCount "78"]
[EventDate "2007.08.02"]
[EventType "swiss"]
[EventRounds "5"]
[EventCountry "CAN"]

1. e4 e6 2. e5 d6 3. exd6 Bxd6 4. d4 Nf6 5. f4 O-O 6. Nf3 c5 7. c3 Nc6 8. Be2
cxd4 9. Nxd4 Qb6 10. Nd2 Nxd4 11. Nc4 Nc2+ 12. Qxc2 Qc6 13. O-O Bd7 14. Nxd6
Qxd6 15. Bf3 Qb6+ 16. Kh1 Rac8 17. f5 exf5 18. Bg5 Ng4 19. h3 Bb5 20. hxg4 Bxf1
21. Rxf1 fxg4 22. Bxg4 Rc6 23. Bf5 Re8 24. Bxh7+ Kh8 25. Rxf7 Rh6+ 26. Bxh6
Qxh6+ 27. Kg1 Re1+ 28. Rf1 Qe3+ 29. Qf2 Rxf1+ 30. Kxf1 Qc1+ 31. Qe1 Qf4+ 32.
Qf2 Qc1+ 33. Qe1 Qf4+ 34. Kg1 Kxh7 35. g3 Qf3 36. Qf2 Qd1+ 37. Kg2 Qd5+ 38. Qf3
Qd2+ 39. Qf2 Qd5+ 1/2-1/2

[Event "ECC Heritage Open"]
[Site "Edmonton"]
[Date "2007.08.16"]
[Round "3"]
[White "Pedersen, Rick"]
[Black "Yamach, Ahmet"]
[Result "1-0"]
[WhiteElo "1982"]
[BlackElo "1829"]
[PlyCount "85"]
[EventDate "2007.08.02"]
[EventType "swiss"]
[EventRounds "5"]
[EventCountry "CAN"]

1. e4 e6 2. d4 d5 3. Nd2 Nf6 4. e5 Ng8 5. f4 c5 6. c3 Nc6 7. Ngf3 Bd7 8. Nb3 c4
9. Nbd2 b5 10. Be2 a5 11. O-O b4 12. Re1 Nge7 13. Nf1 Nc8 14. Ng3 Be7 15. Qc2
g6 16. Nf1 Nb6 17. Ne3 a4 18. Ng4 h5 19. Nf2 b3 20. Qd1 bxa2 21. Rxa2 Na5 22.
Ng5 Nb3 23. Be3 a3 24. bxa3 Rxa3 25. Rxa3 Bxa3 26. g4 hxg4 27. Bxg4 Na4 28. Qc2
Qa5 29. Nd1 Qb6 30. Bxe6 Bxe6 31. Qa2 Nxc3 32. Nxc3 Be7 33. Qa8+ Qd8 34. Qc6+
Qd7 35. Qa8+ Bd8 36. Qa3 Rh4 37. Re2 Rg4+ 38. Kh1 Rh4 39. Qa8 Kf8 40. Ra2 Kg7
41. Ra7 Qe8 42. Qxd8 Qxd8 43. Nxe6+ 1-0

[Event "ECC Heritage Open"]
[Site "Edmonton"]
[Date "2007.08.16"]
[Round "3"]
[White "Wihnon, Jason"]
[Black "MacLeod, Damon"]
[Result "1-0"]
[WhiteElo "1823"]
[BlackElo "1603"]
[PlyCount "61"]
[EventDate "2007.08.02"]
[EventType "swiss"]
[EventRounds "5"]
[EventCountry "CAN"]

1. e4 e5 2. Nf3 Nc6 3. Bb5 Nf6 4. O-O Nxe4 5. d4 Nd6 6. Bxc6 dxc6 7. Nxe5 Be7
8. c4 Nf5 9. d5 cxd5 10. Qa4+ c6 11. cxd5 Qxd5 12. Bf4 Nh4 13. f3 Bc5+ 14. Kh1
O-O 15. Nc3 Qe6 16. Rae1 Qf5 17. g4 Qf6 18. Bg3 Qh6 19. Bf4 g5 20. Bg3 Be6 21.
Ne4 Be7 22. Bxh4 Qxh4 23. Ng3 Rfd8 24. Rf2 Bd6 25. Kg2 f5 26. Ng6 hxg6 27. Rxe6
Kg7 28. Qd4+ Kf7 29. Qf6+ Kg8 30. Qxg6+ Kh8 31. Rxd6 1-0

[Event "ECC Heritage Open"]
[Site "Edmonton"]
[Date "2007.08.23"]
[Round "4"]
[White "Pedersen, Rick"]
[Black "Hughey, Micah"]
[Result "0-1"]
[WhiteElo "1982"]
[BlackElo "2067"]
[PlyCount "49"]
[EventDate "2007.08.02"]
[EventType "swiss"]
[EventRounds "5"]
[EventCountry "CAN"]

1. g3 d5 2. Bg2 c5 3. Nf3 Nc6 4. O-O Nf6 5. d3 e6 6. Nbd2 Bd6 7. e4 b5 8. a4 b4
9. Re1 Qc7 10. Qe2 dxe4 11. dxe4 e5 12. Nf1 Bg4 13. Be3 Rc8 14. Rac1 Qa5 15.
Qb5 a6 16. Qxa5 Nxa5 17. N1d2 Be6 18. Bf1 Nb3 19. Nxb3 Bxb3 20. Bxa6 Bxa4 21.
Nd2 Ra8 22. Bb7 Rb8 23. Bc8 Kf8 24. f3 Ke7 25. Kf2 0-1

[Event "ECC Heritage Open"]
[Site "Edmonton"]
[Date "2007.08.23"]
[Round "4"]
[White "Phimester, Alex"]
[Black "Sekuloff, Mike"]
[Result "0-1"]
[WhiteElo "1356"]
[BlackElo "1641"]
[PlyCount "80"]
[EventDate "2007.08.02"]
[EventType "swiss"]
[EventRounds "5"]
[EventCountry "CAN"]

1. e4 e6 2. d4 d5 3. exd5 exd5 4. Nc3 Be6 5. g3 Bb4 6. Nge2 Ne7 7. Bg2 Nf5 8.
a3 Bxc3+ 9. Nxc3 O-O 10. O-O Nc6 11. Ne2 Nd6 12. Nf4 Ne4 13. Re1 Qd7 14. Nxe6
fxe6 15. Bxe4 dxe4 16. Rxe4 Rad8 17. Be3 Qd5 18. Qg4 Rf6 19. Bg5 Rg6 20. Rxe6
Rxg5 21. Qe2 Rf8 22. c3 Rgf5 23. Re8 Rxf2 24. Qxf2 Rxe8 25. Rf1 h6 26. Qf4 Re2
27. Qf8+ Kh7 28. Qf5+ Qxf5 29. Rxf5 Rxb2 30. Rf7 Rb3 31. Rxc7 Rxc3 32. d5 Rxa3
33. dxc6 bxc6 34. Rxc6 Ra2 35. h4 a5 36. h5 a4 37. Ra6 a3 38. Kf1 Ra1+ 39. Ke2
a2 40. Kd2 Rh1 0-1

[Event "ECC Heritage Open"]
[Site "Edmonton"]
[Date "2007.08.23"]
[Round "4"]
[White "Thompson, Peter"]
[Black "Gicev, Blagoja"]
[Result "0-1"]
[WhiteElo "1675"]
[BlackElo "2382"]
[PlyCount "68"]
[EventDate "2007.08.02"]
[EventType "swiss"]
[EventRounds "5"]
[EventCountry "CAN"]

1. e4 c5 2. Nf3 Nc6 3. d4 cxd4 4. Nxd4 g6 5. Bc4 Bg7 6. Nxc6 bxc6 7. Nc3 d6 8.
O-O Nf6 9. Qe2 O-O 10. e5 dxe5 11. Qxe5 Nd5 12. Qe1 Nxc3 13. bxc3 Qa5 14. Bd2
Qc5 15. Qe2 Bf5 16. Be3 Qa3 17. Bd4 e5 18. Be3 Qxc3 19. Bb3 a5 20. a4 Rfe8 21.
Rad1 Bf8 22. Rd2 Bb4 23. Rdd1 Bf8 24. h3 Be6 25. Bxe6 Rxe6 26. Rd7 Re7 27. Rfd1
Rxd7 28. Rxd7 Qa1+ 29. Kh2 Qxa4 30. Rc7 Qe4 31. Qd2 Qd5 32. Qc3 Bb4 33. Qb2 Bd6
34. Rb7 a4 0-1

[Event "ECC Heritage Open"]
[Site "Edmonton"]
[Date "2007.08.30"]
[Round "5"]
[White "Gicev, Blagoja"]
[Black "Hughey, Micah"]
[Result "1-0"]
[WhiteElo "2382"]
[BlackElo "2152"]
[PlyCount "57"]
[EventDate "2007.08.02"]
[EventType "swiss"]
[EventRounds "5"]
[EventCountry "CAN"]

1. e4 e5 2. Nf3 Nc6 3. Bb5 a6 4. Ba4 Nf6 5. O-O Be7 6. Re1 b5 7. Bb3 Bb7 8. c3
d5 9. exd5 Nxd5 10. d3 O-O 11. Nxe5 Nxe5 12. Rxe5 Nf6 13. Bg5 h6 14. Bh4 Re8
15. Qe2 Qd7 16. Nd2 g5 17. Bg3 Ng4 18. Be6 fxe6 19. Qxg4 Bf6 20. Re3 Bg7 21.
Rae1 Qd5 22. Ne4 Qxa2 23. h4 Bxe4 24. Rxe4 Qxb2 25. hxg5 h5 26. Qxh5 Qxc3 27.
g6 Rad8 28. Qh7+ Kf8 29. Be5 1-0

[Event "ECC Heritage Open"]
[Site "Edmonton"]
[Date "2007.08.30"]
[Round "5"]
[White "Motuz, Vitaly"]
[Black "Yamach, Ahmet"]
[Result "1-0"]
[WhiteElo "1872"]
[BlackElo "1829"]
[PlyCount "63"]
[EventDate "2007.08.02"]
[EventType "swiss"]
[EventRounds "5"]
[EventCountry "CAN"]

1. e4 c6 2. f4 d5 3. e5 h6 4. d4 Bf5 5. Bd3 Bxd3 6. Qxd3 e6 7. f5 exf5 8. Ne2
Qh4+ 9. Qg3 Qxg3+ 10. Nxg3 Ne7 11. O-O g6 12. Nc3 Bg7 13. Nce2 Na6 14. c3 Nc7
15. a4 a5 16. b4 axb4 17. cxb4 O-O 18. h4 h5 19. Bd2 Ne6 20. Bc3 Ra7 21. a5
Rfa8 22. Nc1 Bh6 23. Nb3 f4 24. Bd2 Kg7 25. Ne2 Nf5 26. Bxf4 Bxf4 27. Nxf4
Nexd4 28. Rab1 Re8 29. e6 fxe6 30. Nc5 e5 31. Nh3 Nxh4 32. Ng5 1-0

[Event "2007 Battle of Alberta"]
[Site "Red Deer"]
[Date "2007.08.18"]
[Round "1.1"]
[White "Huber, Greg"]
[Black "Gicev, Blagoja"]
[Result "1/2-1/2"]
[WhiteElo "2323"]
[BlackElo "2374"]
[PlyCount "59"]
[EventDate "2007.08.18"]
[EventType "team-match"]
[EventRounds "2"]
[EventCountry "CAN"]
[WhiteTeam "South"]
[BlackTeam "North"]
[WhiteTeamCountry "CAN"]
[BlackTeamCountry "CAN"]

1. e4 c5 2. Nc3 Nc6 3. g3 g6 4. Bg2 Bg7 5. d3 d6 6. Be3 Rb8 7. Qd2 b5 8. Nge2
b4 9. Nd1 a5 10. O-O Nf6 11. Bh6 O-O 12. Bxg7 Kxg7 13. Ne3 Ng4 14. f4 Nxe3 15.
Qxe3 Qb6 16. e5 Nd4 17. Nxd4 cxd4 18. Qd2 Bb7 19. Rae1 Bxg2 20. Qxg2 Rbc8 21.
Rf2 Qc6 22. exd6 exd6 23. Qe4 Qxe4 24. Rxe4 Rfe8 25. Rfe2 Re6 26. Kf2 d5 27.
Rxe6 fxe6 28. Ke1 Kf6 29. Kd2 h6 30. Rf2 1/2-1/2